Statistics for Best 25 NBA Players Of AllTime

Click here to take the quiz!

General Stats

  • This quiz has been taken 73 times
  • The average score is 18 of 25

Answer Stats

HintAnswer% Correct
1Michael Jordan
100%
2Kareem Abdul-Jabbar
97%
3Kobe Bryant
97%
8Lebron James
97%
11Larry Bird
95%
6Shaquille Oneal
93%
5Magic Johnson
92%
4Wilt Chamberlain
90%
9Bill Russell
86%
10Stephen Curry
83%
7Tim Duncan
83%
16Kevin Durant
81%
12Hakeem Olajuwon
73%
19Jerry West
71%
18Karl Malone
69%
15Julius Erving
68%
13Moses Malone
68%
14Oscar Robertson
64%
24David Robinson
53%
22Dwayne Wade
49%
21Elgin Baylor
42%
20Giannis
41%
25Clyde Drexler
27%
17Elvin Hayes
27%
23George Gervin
22%

Score Distribution

Percentile by Number Answered

Percent of People with Each Score

Your Score History

You have not taken this quiz